| 000 | 00748cas a22002175a 4500 | ||
|---|---|---|---|
| 001 | E147851 | ||
| 008 | 090624c2007 xxkmr w 0 a0eng u | ||
| 035 | _a(Sirsi) u147851 | ||
| 041 | 0 | _aeng | |
| 050 | _a333.33 $2 18 | ||
| 110 | 2 | _aDTZ | |
| 245 | 0 | 0 |
_aProperty derivatives market overview _h[electronic resource] |
| 260 |
_aLondon _bDTZ _c2007- |
||
| 362 | 0 | _aMay 2007- | |
| 554 | _a12 per year | ||
| 651 | 4 | _aEurope | |
| 690 | _aPROPERTY-COMMERCIAL PROPERTY-COMMERCIAL PROPERTY MARKET | ||
| 710 | 2 |
_aTullet Prebon _95758 |
|
| 856 | 4 | 0 |
_uhttps://www.dtz.com/portal/site/Global/menuitem.0960403ababe49739d37a210da80cb3c/?vgnextoid=f9b66e7b0d1f9010VgnVCM1000000e01a8c0RCRD _zView the newsletter free of charge at www.dtz.com... |
| 942 | _n0 | ||
| 999 |
_c119232 _d119232 |
||